Statystyki dla Ruda Śląska: Wypisz dzielnice Rudy Śląskiej

Kliknij tutaj aby rozwiązać quiz!

Ogólne statystyki

  • Ten quiz został rozwiązany 34 razy
  • Średni wynik to 9 z 11

Statystyki odpowiedzi

Dzielnica% Poprawnych
Ruda
97%
Chebzie
93%
Halemba
87%
Nowy Bytom
87%
Godula
83%
Kochłowice
83%
Wirek
83%
Bykowina
80%
Bielszowice
77%
Czarny Las
70%
Orzegów
67%

Rozkład punktacji

Percentyl według liczby udzielonych odpowiedzi

Procent ludzi z każdym wynikiem

Twoja historia wyników

Nie rozwiązałeś tego quizu